Statistics for Largest BRICS cities with a map

Click here to take the quiz!

General Stats

  • This quiz has been taken 206 times
  • The average score is 15 of 20

Answers on the Map

Answers color-coded by a green-red scale on the quiz's map according to % correct below.
 

Answer Stats

Answer% Correct
Moscow
98%
Rio de Janeiro
98%
Delhi
97%
Mumbai
97%
Shanghai
97%
Beijing
96%
Johannesburg
94%
Sao Paulo
92%
Calcutta
88%
Guangzhou
88%
Chennai
83%
Bangalore
80%
Hyderabad
73%
Chengdu
58%
Wuhan
56%
Xiamen
55%
Tianjin
52%
Hangzhou
41%
Shenyang
38%
Shangtou
23%

Score Distribution

Percentile by Number Answered

Percent of People with Each Score

Your Score History

You have not taken this quiz